1839 1606 1886 1893 1984 1079 1517 1744 1798 1265 1719 1873 1646 1986 1671 1476 1852 1022 1722 1636 1383 1584 1683 1640 1419 1841 1642 1538 1180 1064 1648 1361 1622 1237 1300 1048 1588 1583 1961 1752 1126 1519 1305 1055 1580 1338 1660 1727 1083 1626 1837 1066 1307 1696 1871 1649 1038 1765 1223 1831 1941 1031 1868 1883 1724 1333 1182 1986 1047 1758 1127 1916 1573 1511 1501 1601 1509 1041 1392 1327 1433 1676 1059 1104 1342 1025 1268 1636 1621 1638 1488 1563 1872 1373 1529 1379 1361 1577 1716 BCNSPRNW ULIB Ver.6.0+V

เปลี่ยนเป็นภาษาไทย

Change to English
 แสดงรายละเอียดบรรณานุกรม
  กลับหน้าหลัก

Brief Record : Get Marc (ISO 2709) : E-mail record : QR code < ปิดหน้าต่าง
LEADER : 00000nam 2200000uu 4500
001    13399122460
003     ULIB
008    020711s2546 th a 000 0 tha d
099    วจ.W84^bป458ก
100    ปริทรรศน์ วันจันทร์
245    การรับรู้ความสามารถในการปฏิบัติงานด้านการบริการปฐมภูมิของนิสิตหลักสูตรพยาบาลศาสตรบัณฑิต มหาวิทยาลัยนเรศวร ปีการศึกษา2545./^cปริทรรศน์ วันจันทร์
260    นครสวรรค์ :^bวิทยาลัยพยาบาลบรมราชชนนี สวรรค์ประชารักษ์ นครสวรรค์,^c2546
300    77 หน้า
650    การบริการปฐมภูมิ^xวิจัย
650    ความสามรถ^xวิจัย
945    ^p0^l0^i023534
รายการนี้ยังไม่มีแท็ก
คุณยังไม่ได้ล็อกอิน คุณสามารถมีกิจกรรมร่วมกับเว็บไซต์ได้ แต่ต้องล็อกอินก่อน ::
  ล็อกอิน

รายการสื่อสารสนเทศ

ลำดับที่ ประเภท เลขเรียก/บาร์โค้ด สถานที่ สถานะ
1. งานวิจัย
งานวิจัย
วจ.W84 ป458ก ฉ.1 
  Barcode: 023534
ห้องสมุดวิทยาเขตสวรรค์ประชารักษ์
►วิจัย
บนชั้น

รายการใกล้เคียง
    ผู้แต่ง [ปริทรรศน์ วันจันทร์]

BibComment


ยังไม่เคยถูกคอมเมนท์

คอมเมนท์ทรัพยากรรายการนี้
  คอมเมนท์: การรับรู้ความสามา..


 Copyright 2026. Bcnsprnw @Library